000 00533nam a22001457a 4500
020 _a9783848409792
040 _cNUST
082 _a005.8 YOU
100 _aJaved, Yonus
_9112026
110 _aTahir, Hassan
_9112027
245 _aOptimized Security Protocol for Wireless Sensor Networks;
_bSecurity in Wireless Sensor Networking
260 _aGermany;
_bLAP Lambert Academic Publishing,
_c2012.
650 _aOptimized Security Protocol for Wireless Sensor Networks Security in Wireless Sensor Networking
_9112028
942 _2ddc
_cBK
999 _c594604
_d594604